Szövetekkel építkeznek A plasztikai sebészet szegedi gyökerei /
Elmentve itt :
| Szerző: | |
|---|---|
| Dokumentumtípus: | Cikk |
| Megjelent: |
1981-03-29
|
| Sorozat: | Délmagyarország
71 No. 75 |
| Kulcsszavak: | Sebészeti Klinika |
| Online Access: | http://dmarchiv.bibl.u-szeged.hu/103098 |
| LEADER | 00494nab a2200157 i 4500 | ||
|---|---|---|---|
| 001 | delm103098 | ||
| 005 | 20190618120009.0 | ||
| 008 | 190618s1981 hu o 0|| hun d | ||
| 040 | |a SZTE Délmagyarország Archívum |b hun | ||
| 041 | |a hun | ||
| 100 | 1 | |a Chikán Ágnes | |
| 245 | 1 | 0 | |a Szövetekkel építkeznek |h [elektronikus dokumentum] : |b A plasztikai sebészet szegedi gyökerei / |c Chikán Ágnes |
| 260 | |c 1981-03-29 | ||
| 300 | |a 7 | ||
| 490 | 0 | |a Délmagyarország |v 71 No. 75 | |
| 695 | |a Sebészeti Klinika | ||